[Event "Hauts de Seine-ch"]
[Site "Issy les Moulineaux"]
[Date "2013.06.15"]
[Round "1"]
[White "Hanchour, Baroudi"]
[Black "Delerme, Raymond"]
[Result "1-0"]
[WhiteElo "2195"]
[BlackElo "1757"]
[PlyCount "68"]
[EventDate "2013.06.15"]
[EventType "swiss"]
[EventRounds "5"]
[EventCountry "FRA"]
[SourceTitle "EXT 2015"]
[Source "ChessBase"]
[SourceDate "2014.11.20"]
[SourceVersion "1"]
[SourceVersionDate "2014.11.20"]
[SourceQuality "1"]

1. e4 g6 2. d4 d6 3. f4 Bg7 4. Nf3 c6 5. Nc3 Qc7 6. Bd3 Nd7 7. 0-0 Ngf6 8. e5 Nd5 9. Ne4 dxe5 10. fxe5 h6 11. Qe1 b5 12. Nd6+ Kf8 13. Nxf7 Kxf7 14. Ng5+ Kg8 15. Ne6 Qb6 16. Qf2 Nxe5 17. Nxg7 Kxg7 18. dxe5 Qxf2+ 19. Rxf2 Be6 20. Bd2 g5 21. h4 gxh4 22. Raf1 h5 23. Be4 a5 24. Bg5 Rae8 25. Kh2 c5 26. Rd2 Nb6 27. b3 c4 28. Bxh4 cxb3 29. cxb3 Rd8 30. Rxd8 Rxd8 31. Bxe7 Rd2 32. Bf8+ Kg8 33. Bh6 Rd8 34. Rf6 Re8 1-0

[Event "Paris-ch op-B 87th"]
[Site "Paris"]
[Date "2012.07.10"]
[Round "4"]
[White "Hanchour, Baroudi"]
[Black "Kusluvan, Yekaterina"]
[Result "1-0"]
[WhiteElo "2180"]
[BlackElo "2036"]
[PlyCount "47"]
[EventDate "2012.07.07"]
[EventType "swiss"]
[EventRounds "9"]
[EventCountry "FRA"]
[SourceTitle "EXT 2013"]
[Source "ChessBase"]
[SourceDate "2012.11.22"]
[SourceVersion "1"]
[SourceVersionDate "2012.11.22"]
[SourceQuality "1"]

1. e4 e5 2. Nf3 Nc6 3. Bc4 Nf6 4. d4 exd4 5. e5 d5 6. Bb5 Ne4 7. Nxd4 Bd7 8. Bxc6 bxc6 9. 0-0 Bc5 10. f3 Ng5 11. f4 Ne4 12. Be3 0-0 13. Nd2 Nxd2 14. Qxd2 f6 15. Nb3 Bxe3+ 16. Qxe3 Re8 17. Rae1 fxe5 18. fxe5 Qb8 19. Rf2 Qb6 20. Nc5 Be6 21. c3 a5 22. Kh1 a4 23. Ref1 Ra5 24. Nxe6 1-0

[Event "Paris-ch op-A"]
[Site "Paris"]
[Date "2010.07.11"]
[Round "9"]
[White "Hanchour, Baroudi"]
[Black "Emmenecker, Philippe"]
[Result "1-0"]
[WhiteElo "2159"]
[BlackElo "2169"]
[PlyCount "73"]
[EventDate "2010.07.03"]
[EventType "swiss"]
[EventRounds "9"]
[EventCountry "FRA"]
[SourceTitle "CBM 137 Extra"]
[Source "ChessBase"]
[SourceDate "2010.09.01"]
[SourceVersion "1"]
[SourceVersionDate "2010.09.01"]
[SourceQuality "1"]

1. e4 c5 2. Nf3 Nc6 3. Nc3 Nf6 4. e5 Ng4 5. Qe2 d6 6. exd6 e5 7. h3 Nf6 8. Nxe5 Nd4 9. Qc4 Qxd6 10. Qxf7+ Kd8 11. Nc4 Qb8 12. Na5 Nxc2+ 13. Kd1 Nxa1 14. d4 Qc7 15. Qxc7+ Kxc7 16. Bf4+ Kd8 17. d5 a6 18. Bd3 c4 19. Nxc4 Bc5 20. Kd2 Bxf2 21. Rxa1 Bd4 22. Nd6 Rf8 23. Rf1 h6 24. Bg6 Bxc3+ 25. bxc3 Nxd5 26. Nf7+ Kd7 27. Bg3 Nf6 28. Kc2 Kc6 29. Ne5+ Kb6 30. Rb1+ Kc5 31. c4 b5 32. Nd3+ Kxc4 33. Bd6 Bb7 34. Nf4 Nd5 35. Bd3+ Kd4 36. Ne6+ Ke3 37. Bc5# 1-0

[Event "Paris-ch op-A"]
[Site "Paris"]
[Date "2010.07.04"]
[Round "2"]
[White "Pietinen, Pekka"]
[Black "Hanchour, Baroudi"]
[Result "0-1"]
[WhiteElo "2030"]
[BlackElo "2159"]
[PlyCount "34"]
[EventDate "2010.07.03"]
[EventType "swiss"]
[EventRounds "9"]
[EventCountry "FRA"]
[SourceTitle "CBM 137 Extra"]
[Source "ChessBase"]
[SourceDate "2010.09.01"]
[SourceVersion "1"]
[SourceVersionDate "2010.09.01"]
[SourceQuality "1"]

1. e4 e6 2. Nc3 d5 3. e5 c5 4. f4 Ne7 5. Nf3 Nf5 6. b3 Nc6 7. Bb5 Bd7 8. Bd3 Ncd4 9. 0-0 h5 10. g3 Qb6 11. Kg2 Bc6 12. Re1 Rh6 13. Nxd4 Nxd4 14. Ne2 c4 15. Bb2 Nb5 16. a4 cxd3 17. axb5 dxe2 0-1

[Event "Paris-ch op-A"]
[Site "Paris"]
[Date "2010.07.03"]
[Round "1"]
[White "Hanchour, Baroudi"]
[Black "Oupindrin, Narayanin"]
[Result "1-0"]
[WhiteElo "2159"]
[BlackElo "1957"]
[PlyCount "55"]
[EventDate "2010.07.03"]
[EventType "swiss"]
[EventRounds "9"]
[EventCountry "FRA"]
[SourceTitle "CBM 137 Extra"]
[Source "ChessBase"]
[SourceDate "2010.09.01"]
[SourceVersion "1"]
[SourceVersionDate "2010.09.01"]
[SourceQuality "1"]

1. e4 c6 2. Nf3 d5 3. exd5 cxd5 4. Ne5 Nc6 5. d4 Nf6 6. c3 e6 7. Bd3 Bd6 8. f4 Qb6 9. Qe2 Bd7 10. 0-0 0-0 11. Rf3 Bxe5 12. fxe5 Ne4 13. Bxe4 dxe4 14. Qxe4 Ne7 15. Rh3 Ng6 16. Qe2 Rfe8 17. Na3 Qc7 18. Bg5 Bc6 19. Rg3 Qd7 20. h4 Ne7 21. Bf6 g6 22. Rf1 Nd5 23. h5 Nxf6 24. Rxf6 Rf8 25. Qg4 Kh8 26. Qf4 Kg8 27. Nc4 Qd5 28. hxg6 1-0